Let's get moving. (Record no. 5854)

000 -LEADER
fixed length control field 00593nam a2200193 a 4500
001 - CONTROL NUMBER
control field :::00003596$&:&@@
003 - CONTROL NUMBER IDENTIFIER
control field OkBaRHE
005 - DATE AND TIME OF LATEST TRANSACTION
control field 20000607103308.0
008 - FIXED-LENGTH DATA ELEMENTS--GENERAL INFORMATION
fixed length control field s1985 j 000 0 eng u
040 ## - CATALOGING SOURCE
Transcribing agency
100 1# - MAIN ENTRY--PERSONAL NAME
Personal name Briscoe, D. Stuart.
245 10 - TITLE STATEMENT
Title Let's get moving.
260 ## - PUBLICATION, DISTRIBUTION, ETC. (IMPRINT)
Place of publication, distribution, etc Ventura, CA., :
Name of publisher, distributor, etc Regal Books
Date of publication, distribution, etc 1985
300 ## - PHYSICAL DESCRIPTION
Extent 160 p. ;
Dimensions 18 cm.
490 0# - SERIES STATEMENT
Series statement A Bible commentary for laymen.
650 ## - SUBJECT ADDED ENTRY--TOPICAL TERM
Topical term or geographic name as entry element Bible New Testament Ephesians
General subdivision Commentaries
942 ## - ADDED ENTRY ELEMENTS (KOHA)
Source of classification or shelving scheme
Koha item type Books
Copies
Price effective from Source of classification or shelving scheme Full call number Withdrawn status Koha item type Date acquired Lost status Barcode Date last seen Copy number Shelving location Not for loan Permanent Location Damaged status
2010-04-14 BS 2695.3 .B7 Books2010-04-14 35962018-04-031General Stacks RHEMA Bible Training College